| 000 | 00396cam a22001217a 4500 | ||
|---|---|---|---|
| 008 | 180718b1984 xxu||||| |||| 00| 0 eng d | ||
| 082 | _aB136x5421 H135 | ||
| 100 | _aHale, Sylvia Marion | ||
| 245 |
_aDecision processes in rural development in India _cby Sylvia Marion Hale |
||
| 260 |
_aLucknow _bEthnographic and Folk Cultre Society _c1984 |
||
| 300 | _a253p. | ||
| 650 | _aRural development - India | ||
| 999 |
_c346295 _d346295 |
||